Materiálové charakteristiky /

Gespeichert in:
Bibliographische Detailangaben
1. Verfasser: Palček, Peter
Weitere Verfasser: Hadzima, Branislav 1976-, Chalupová, Mária
Format: Buch
Sprache:Slowakisch
Veröffentlicht: Žilina : Žilinská univerzita v Žiline, 2004
Ausgabe:1. vyd.
Schlagworte:
ISBN:8080702403
Online-Zugang: Volltext
Tags: Tag hinzufügen
Keine Tags, Fügen Sie den ersten Tag hinzu!

MARC

LEADER 00000nam a2200000 4500
003 SK-BrCVT
005 20220621161419.0
008 050302s2004 xo e ||||||slo d
020 |a 8080702403 
035 |a CVTIDW0975481 
040 |b slo  |a CVTI SR 
041 0 |a slo 
044 |a xo 
080 |a 620.1:53  |2 UDC-MRF 
100 1 |a Palček, Peter 
245 1 0 |a Materiálové charakteristiky /  |c Peter Palček, Branislav Hadzima, Mária Chalupová 
250 |a 1. vyd. 
260 |a Žilina :  |b Žilinská univerzita v Žiline,  |c 2004 
300 |a 163 s. :  |b fotogr., grafy, lit., obr., tab. ; 
500 |a Strojnícka fakulta 
653 1 |a namáhanie  |a napätie  |a deformácia  |a lom  |a tepelná vodivosť  |a elektrický odpor  |a plasticita  |a korózia  |a pružnosť  |a pevnosť 
700 1 |a Hadzima, Branislav  |d 1976-, 
700 1 |a Chalupová, Mária 
910 |b S593364  |b S593365 
919 |a 80-8070-240-3 
974 |f Knihy 
992 |a ASK 
999 |c 141951  |d 141951